000 00553nam a22002057a 4500
999 _c1457
_d1457
008 200103b ||||| |||| 00| 0 eng d
020 _a9781843116547
040 _aKO
_beng
041 0 _aeng
044 _axxk
082 0 4 _223
_a343.0962
_bT3621
245 1 0 _aLiability Regimes in Contemporary Maritime Law /
_cedited by D. Rhidian Thomas
260 _aLondon :
_bInforma,
_c2007.
300 _axxxii, 542 p. :
_b ill. ;
_c25 cm.
650 0 _aMaritime law
700 _aThomas, D. Rhidian
_eedt
904 _aA_BOSE
942 _cBK